01241 a2200181 45000010006000000050017000060080041000230030015000640400040000790800022001192450061001410200018002022640034002203000019002545050744002731000022010177000020010395859920260407155842.0260407a1988 arg spa dAR-UNSa-BCEJYS aAR-UNSa-BCEJYSbspacAR-UNSa-BCEJYS a336.22xImpuestos10aImpuestos sobre los capitales y sobre el patrimonio neto a950-9524-33-6 1aBuenos Aires :bErreparc1988 a393 p.c22 cm. aPRIMERA PARTE: Aspectos teóricos de la imposición al patrimonio / SEGUNDA PARTE: El impuesto sobre los capitales en la Argentina - 1. Antecedenctes de su creación. Características principales. Tratamiento de los casos no previstos en sus normas - 2. Objeto - 3. Sujetos - 4. Exenciones - 5. Base imponible. Valuación del activo - 6. Pasivo - 7. Liquidación, declaración e ingresos del gravamen / TERCERA PARTE: El impuesto sobre el patrimonio neto en la Argentina - 8. Antecedentes de su creación en la Argentina, características y efectos económicos - 9. Hecho imponible. Sujetos - 10. Exenciones. Bienes situados en el pais. Liquidación del gravamen - Valuación de los bienes. Bienes computables y no computables 1 aLitvak, José D.1 aGebhardt, Jorge